Регионална библиотека "Любен Каравелов" - Русе

Административен процес (Запис номер 4128)

MARC детайли
000 -Лидер
Контролно поле с фиксирана дължина 01668nam a2200349 c 4500
003 - Код на организацията, давaща контролен номер
Контролно поле BLK
005 - Дата и час на последна редакция
Контролно поле 20180420213758.0
008 - Елементи от данни с фиксирана дължина
fixed length control field 180412b bul|||||r ||||||| ||bul||
010 ## - Наследен системен номер
LC control number KNG00005259000
020 ## - Международен стандартен номер на книга ISBN
Международен стандартен номер на книга ISBN 954-8150-15-8
-- издат.: Сиби - (грешен)
040 ## - Източник на каталожния запис
Идентификатор на билиотеката - собственик на записа BLK
041 ## - Код за език
Код за езика на текст/звукозапис или на отделно заглавие Български
Код за езика КДБФ Български
080 ## - УДК
Текстов определител УДК Административно право - Обща част, субекти и обекти, юридически действия, административни актове, особена част, отделни видове управления, право на организации и др.
УДК код - определител по УДК 342.9
УДК определител (497.2)(075.8)
УДК - код + определител 342.9(497.2)(075.8)
100 1# - Редна дума - Автор
Автор Димитров, Добри Кръстев
Авторска отговорност първи автор
R(LIN) 248279
139 ## - Редно поле
Редна дума Димитров, Добри Кръстев
Авторски знак Дими - Д 58
245 10 - Сведения за заглавието
Заглавие Административен процес
Подзаглавни данни Обща част ; Спец. част : Учебник за студенти-юристи
Редно поле (дума) Добри Кръстев Димитров.
250 ## - Област на изданието
Сведения за изданието 2. изд.
257 ## - Страна на издаване
Страна на създаване/издаване България
260 ## - Област на издателските данни
-- София
Име на издателя, разпространителя и проч. Сиби
Година на издаване 1994
300 ## - Физическа характеристика
Страници 192 с.
Размери/Мащаб 20 см
380 ## - Жанр
Жанр Обществени науки
500 ## - Общи забележки
Забележка 1. изд. 1993. - Библиогр. 185-191.
650 #4 - Допълнително описание по предмет – тема
Основно описание – тема или топоним Административен процес - България - учебници за ВУЗ
9 (RLIN) 248280
651 #4 - Допълнително описание по предмет - топоним
Географско понятие България
9 (RLIN) 241624
653 ## - Ключова дума – ненормативна
Ключова дума административен процес
653 ## - Ключова дума – ненормативна
Ключова дума учебници за ВУЗ
852 ## - Местоположение
Форматна сигнатура Цб 179636
856 4# - Електронен адрес и достъп
Електронен формат pdf - файл
Път до файла /url/
856 4# - Електронен адрес и достъп
Електронен формат pdf - файл
Път до файла /url/
942 ## - АРТИКУЛИ
Вид на библиотечния материал Книги
Скрит в OPAC Не
944 ## - СЪЗДАВАНЕ И РЕДАКЦИЯ на ЗАПИСА
Създаване/Редакция Създаване
Дата на регистрацията/редакция 15.01.2003
Статус, дата на статуса ф /
Служител, извършил регистрацията/редакцията Кети_Илиева
944 ## - СЪЗДАВАНЕ И РЕДАКЦИЯ на ЗАПИСА
Създаване/Редакция Редакция
Дата на регистрацията/редакция 05.10.2016
Статус, дата на статуса ф /
Служител, извършил регистрацията/редакцията Людмила_Стоянова
999 ## - СИСТЕМНИ КОНТРОЛНИ НОМЕРА
Koha biblionumber 4128
Koha biblioitemnumber 4128
Наличности
Код за отписване Код за изгубен артикул Източник на класификационната схема Код за повреда Коз за рестрикции Код за отдаване Артикулен № Име на библиотеката - собственик Име на библиотеката, в която се намира в момента Статус (Текущо местоположение) Дата на вписване в системата Местоположение - отдел Цена в лева Инвентарен номер Систематично азбучна сигнатура Баркод Номер на екземпляра Цена в евро Служебна бележка Служебен тип на артикула
  Не е изгубен Universal Decimal Classification Не е повреден само за читалня ползва се в читалня 7401 Регионална библиотека "Любен Каравелов" Русе Регионална библиотека "Любен Каравелов" Русе Хранилище 2001-01-01 Хранилище 0.99 608379 Цб 179636 120000608379 1 0.51 Дост: Dp Вид: Д N: 51 Дата: 01.01.1994 Дата инв: 22.06.2015 Бележки инв: Цб2015 Книги
Изтеглен Не е изгубен Universal Decimal Classification Не е повреден без рестрикции заемане за дома 7402 Регионална библиотека "Любен Каравелов" Русе Регионална библиотека "Любен Каравелов" Русе Заемна - подръчен фонд 2001-01-01 Заемна - подръчен фонд 0.99 608493 П 342.9(497.2)/Д 58 608493 2 0.51 Дост: Pk Вид: Ф N: стар фонд Дата: 01.01.2001 Книги
Vip Innovations Ltd, Rousse, Bulgaria 2025